00698 2200265 4500001002100000005001500021035002000036006001800056007000300074008004100077040001200118041000800130084001400138090001600152245005400168260005400222300002200276505002800298082001200326100002400338500003000362650001000392850001200402990001800414INLIS00000000081658420180901110256 a0010-0918000009a g 000 fta010918s ne g f f du fre  aYOPDYOG0 afre a347 SCH h aL 347 SCH h00aHandbuch der orientalistik /cSchnitzer, Adolf F.3 aBasel :bVerlag fiir Rech und Gesellschaft,c1950 a...jilid ;c25 cm0 aYang diterima : Band II04223a3471 aSchnitzer, Adolf F. aTeks dalam bahasa Prancis 4aHukum aYOPDYOG a60242-PD/A.18